000 00341nam a22001457a 4500
008 230516b ||||| |||| 00| 0 eng d
020 _a9781587656446
041 _aeng
080 _2VOLUME 1,2,3,4
_a101
082 _a101ALL
100 _a44
101 _aENCI
245 _aENCYCLOPEDIA OF GLOBAL RESOURCES
_cALLIN.W.C
942 _2udc
_cBK
999 _c59744
_d59744